000
00257nam a2200109 a 4500
005
20140513081051.0
008
020606s19uu xx 00 eng d
050
_a
P 372.7
_b
WHA
245
_a
What comes next?.
650
_a
Counting
_x
Posters
999
_c
116339
_d
116339